[Event "UKR-ch (Women)"]
[Site "Nikolaev"]
[Date "2003.11.07"]
[Round "4"]
[White "Zozulia, Anna"]
[Black "Mutchnik, Larisa"]
[Result "1-0"]
[WhiteElo "2342"]
[BlackElo "2117"]
[PlyCount "63"]
[EventDate "2003.11.03"]
[EventType "swiss"]
[EventRounds "9"]
[EventCountry "UKR"]
[SourceTitle "CBM 097 Extra"]
[Source "ChessBase"]
[SourceDate "2004.01.13"]
[SourceVersion "1"]
[SourceVersionDate "2004.01.13"]
[SourceQuality "1"]

1. e4 e6 2. d4 d5 3. Nd2 Nf6 4. e5 Nfd7 5. f4 c5 6. c3 Nc6 7. Ndf3 cxd4 8. cxd4 Qb6 9. Ne2 f6 10. a3 g5 11. exf6 g4 12. f7+ Kxf7 13. Ng5+ Ke7 14. f5 Nf6 15. Nxe6 Bxe6 16. fxe6 Kxe6 17. Bg5 Re8 18. Ng3 Kd7+ 19. Be2 Nxd4 20. Qa4+ Kc7 21. Rc1+ Kd8 22. Rf1 Bg7 23. Kd1 Nxe2 24. Nxe2 Re4 25. Qc2 Kd7 26. Ng3 Rd4+ 27. Bd2 Bh6 28. Qf5+ Qe6 29. Rc2 Bxd2 30. Qxe6+ Kxe6 31. Ne2 Re4 32. Kxd2 1-0

[Event "UKR-ch (Women)"]
[Site "Nikolaev"]
[Date "2003.11.04"]
[Round "1"]
[White "Mutchnik, Larisa"]
[Black "Rohonyan, Katerina"]
[Result "0-1"]
[WhiteElo "2117"]
[BlackElo "2352"]
[PlyCount "58"]
[EventDate "2003.11.03"]
[EventType "swiss"]
[EventRounds "9"]
[EventCountry "UKR"]
[SourceTitle "CBM 097 Extra"]
[Source "ChessBase"]
[SourceDate "2004.01.13"]
[SourceVersion "1"]
[SourceVersionDate "2004.01.13"]
[SourceQuality "1"]

1. d4 Nf6 2. c4 c5 3. d5 b5 4. cxb5 a6 5. f3 g6 6. e4 Bg7 7. e5 Ng8 8. f4 d6 9. Nf3 Nd7 10. e6 fxe6 11. dxe6 Ndf6 12. Ng5 Nh6 13. bxa6 0-0 14. Nc3 d5 15. Qf3 Nf5 16. Bd3 Bxa6 17. Bxf5 gxf5 18. Qh3 d4 19. Ne2 h6 20. Nf7 Qd5 21. Nxh6+ Bxh6 22. Qxh6 Bxe2 23. Qg5+ Kh8 24. Kxe2 Nh7 25. Qg3 Rg8 26. Kf1 Rxg3 27. hxg3 Kg7 28. a3 Nf6 29. Rh3 d3 0-1

[Event "Dresden ZMD op"]
[Site "Dresden"]
[Date "2003.07.26"]
[Round "2"]
[White "Gross, Thorsten"]
[Black "Mutchnik, Larisa"]
[Result "1-0"]
[WhiteElo "2184"]
[BlackElo "2117"]
[PlyCount "69"]
[EventDate "2003.07.25"]
[EventType "swiss"]
[EventRounds "9"]
[EventCountry "GER"]
[SourceTitle "EXT 2004"]
[Source "ChessBase"]
[SourceDate "2003.11.25"]
[SourceVersion "1"]
[SourceVersionDate "2003.11.25"]
[SourceQuality "1"]

1. e4 e6 2. c4 c5 3. Nc3 Nc6 4. Nf3 d6 5. d4 cxd4 6. Nxd4 Nf6 7. Be3 Be7 8. Be2 a6 9. 0-0 Qc7 10. Rc1 Nxd4 11. Qxd4 Bd7 12. Rfd1 Bc6 13. Nd5 exd5 14. cxd5 0-0 15. dxc6 bxc6 16. Qa4 c5 17. b4 a5 18. bxc5 dxc5 19. Rc2 Qe5 20. Bf3 Rab8 21. Rdc1 Rfc8 22. g3 g5 23. Bd4 cxd4 24. Rxc8+ Rxc8 25. Rxc8+ Kg7 26. Qc2 g4 27. Bg2 Bb4 28. Qc7 Bd6 29. Qc2 Bb4 30. Rc6 Bc3 31. f4 gxf3 32. Bxf3 h6 33. Kg2 Nd7 34. Qc1 Nc5 35. Qxh6+ 1-0

[Event "Swidnica op-B"]
[Site "Swidnica"]
[Date "2000.??.??"]
[Round "8"]
[White "Kolomiets, Artiom"]
[Black "Mutchnik, Larisa"]
[Result "1/2-1/2"]
[WhiteElo "2135"]
[BlackElo "2210"]
[PlyCount "72"]
[EventDate "2000.07.??"]
[EventType "swiss"]
[EventRounds "10"]
[EventCountry "POL"]
[SourceTitle "EXT 2003"]
[Source "ChessBase"]
[SourceDate "2002.11.25"]
[SourceVersion "1"]
[SourceVersionDate "2002.11.25"]
[SourceQuality "1"]

1. d4 d5 2. Nf3 Nf6 3. Bg5 Ne4 4. Bf4 Bf5 5. e3 e6 6. Be2 Bd6 7. 0-0 0-0 8. Bxd6 Nxd6 9. Nbd2 Nd7 10. c4 dxc4 11. Nxc4 Nxc4 12. Bxc4 Nb6 13. Bb3 Rc8 14. Rc1 Bg4 15. h3 Bh5 16. Rc5 Bg6 17. Ne5 Qe7 18. Qf3 c6 19. Rfc1 Rfd8 20. g3 Nd7 21. Nxd7 Rxd7 22. a3 Rcd8 23. Ba2 Qd6 24. h4 f6 25. h5 Bf7 26. Bb1 Re7 27. Qe4 g6 28. hxg6 Bxg6 29. Qg4 Rg7 30. Ba2 Bf7 31. Qh4 f5 32. Re5 Rg4 33. Qf6 Rg6 34. Qh4 Rg4 35. Qf6 Rg6 36. Qh4 Rg4 1/2-1/2

[Event "Swidnica op-B"]
[Site "Swidnica"]
[Date "2000.??.??"]
[Round "3"]
[White "Mutchnik, Larisa"]
[Black "Cyfka, Karina"]
[Result "1-0"]
[WhiteElo "2210"]
[BlackElo "1800"]
[PlyCount "39"]
[EventDate "2000.07.??"]
[EventType "swiss"]
[EventRounds "10"]
[EventCountry "POL"]
[SourceTitle "EXT 2003"]
[Source "ChessBase"]
[SourceDate "2002.11.25"]
[SourceVersion "1"]
[SourceVersionDate "2002.11.25"]
[SourceQuality "1"]

1. d4 d5 2. c4 c6 3. Nc3 Nf6 4. Nf3 dxc4 5. a4 Bf5 6. e3 e6 7. Bxc4 Bb4 8. 0-0 Nbd7 9. Qe2 Bg4 10. h3 Bh5 11. Rd1 Qa5 12. e4 e5 13. d5 cxd5 14. Nxd5 Nxd5 15. Rxd5 Qc7 16. Bb5 Bxf3 17. Qxf3 Rd8 18. Qg4 Rg8 19. Bg5 Be7 20. Rc1 1-0

[Event "Swidnica op-B"]
[Site "Swidnica"]
[Date "2000.??.??"]
[Round "5"]
[White "Mutchnik, Larisa"]
[Black "Drelinkiewicz, Tadeusz"]
[Result "1-0"]
[WhiteElo "2210"]
[BlackElo "2125"]
[PlyCount "53"]
[EventDate "2000.07.??"]
[EventType "swiss"]
[EventRounds "10"]
[EventCountry "POL"]
[SourceTitle "EXT 2003"]
[Source "ChessBase"]
[SourceDate "2002.11.25"]
[SourceVersion "1"]
[SourceVersionDate "2002.11.25"]
[SourceQuality "1"]

1. d4 d5 2. Nf3 Nf6 3. c4 dxc4 4. e3 Bg4 5. Bxc4 e6 6. Nc3 a6 7. a4 Nbd7 8. 0-0 c5 9. h3 cxd4 10. exd4 Rc8 11. hxg4 Rxc4 12. g5 Ng4 13. Bf4 h6 14. g6 Qf6 15. gxf7+ Qxf7 16. Bg3 Be7 17. Qe2 Rc6 18. Rfe1 Ngf6 19. Rad1 Nd5 20. Nxd5 exd5 21. b4 Kf8 22. b5 Rg6 23. Rc1 Qe8 24. Bh4 Rf6 25. Qxe7+ Qxe7 26. Rc8+ Kf7 27. Rxe7+ 1-0

[Event "Swidnica op-B"]
[Site "Swidnica"]
[Date "2000.??.??"]
[Round "1"]
[White "Mutchnik, Larisa"]
[Black "Strzelecki, Jerzy"]
[Result "1/2-1/2"]
[WhiteElo "2210"]
[BlackElo "2200"]
[PlyCount "94"]
[EventDate "2000.07.??"]
[EventType "swiss"]
[EventRounds "10"]
[EventCountry "POL"]
[SourceTitle "EXT 2003"]
[Source "ChessBase"]
[SourceDate "2002.11.25"]
[SourceVersion "1"]
[SourceVersionDate "2002.11.25"]
[SourceQuality "1"]

1. d4 Nf6 2. c4 e6 3. Nf3 b6 4. Nc3 Bb4 5. Bd2 a5 6. g3 Bb7 7. Bg2 0-0 8. 0-0 d6 9. b3 Nbd7 10. a3 Bxc3 11. Bxc3 Qe7 12. Nd2 Bxg2 13. Kxg2 e5 14. dxe5 dxe5 15. e4 Rfd8 16. b4 a4 17. Qc2 c6 18. Rad1 b5 19. c5 Nf8 20. Nf3 Ng6 21. Rfe1 h6 22. Re2 Rxd1 23. Qxd1 Rd8 24. Qa1 Re8 25. h3 Qe6 26. Re3 Nh5 27. Nd2 Rd8 28. Qd1 Nf6 29. Qb1 Nh7 30. Nf3 Ng5 31. Nxg5 hxg5 32. Rd3 Rxd3 33. Qxd3 f6 34. Bd2 Nf8 35. f4 gxf4 36. gxf4 exf4 37. Bxf4 Ng6 38. Bg3 Qa2+ 39. Kf3 Qb3 40. Ke2 Qxd3+ 41. Kxd3 Kf7 42. Kd4 Ke6 43. h4 Nf8 44. Bd6 Nd7 45. Bf4 Kf7 46. Bd6 Ke6 47. Bf4 Kf7 1/2-1/2

[Event "UKR ol"]
[Site "Alushta"]
[Date "1999.??.??"]
[Round "?"]
[White "Mutchnik, Larisa"]
[Black "Gudok, Viktor V"]
[Result "1-0"]
[WhiteElo "2168"]
[BlackElo "2420"]
[PlyCount "92"]
[EventDate "1999.05.12"]
[EventType "team"]
[EventRounds "11"]
[EventCountry "UKR"]
[SourceTitle "EXT 2001"]
[Source "ChessBase"]
[SourceDate "2000.11.22"]
[SourceVersion "1"]
[SourceVersionDate "2000.11.22"]
[SourceQuality "1"]

1. e4 c5 2. Nf3 Nc6 3. d4 cxd4 4. Nxd4 g6 5. Nc3 Bg7 6. Be3 d6 7. Qd2 Nf6 8. f3 0-0 9. g4 e6 10. 0-0-0 d5 11. Qf2 e5 12. Nxc6 bxc6 13. g5 d4 14. gxf6 Qxf6 15. Bd2 dxc3 16. Bxc3 Be6 17. Kb1 Qe7 18. Ba6 Rab8 19. Ka1 Rb6 20. Be2 f6 21. Qe3 Qf7 22. a3 Rfb8 23. Rd2 Qf8 24. Qf2 Bh6 25. Rd3 c5 26. Rhd1 c4 27. Rd7 Bxd7 28. Rxd7 Qc8 29. Rxa7 Bc1 30. Bb4 Ra6 31. Rxa6 Qxa6 32. Qc5 Rc8 33. Qd5+ Kg7 34. Kb1 Bf4 35. Qd7+ Kh6 36. Qf7 Bxh2 37. Be7 Rc6 38. Bf8+ Kg5 39. Qxh7 Kf4 40. Qxh2+ Ke3 41. Bb4 Qb7 42. Bd1 c3 43. Kc1 cxb2+ 44. Kxb2 Qd7 45. Kc1 Rd6 46. Bxd6 Qxd6 1-0

[Event "Bydgoszcz op-B"]
[Site "Bydgoszcz"]
[Date "1999.??.??"]
[Round "6"]
[White "Rybicki, Witold"]
[Black "Mutchnik, Larisa"]
[Result "0-1"]
[WhiteElo "2090"]
[BlackElo "2168"]
[PlyCount "80"]
[EventDate "1999.??.??"]
[EventType "swiss"]
[EventRounds "9"]
[EventCountry "POL"]
[SourceTitle "EXT 2001"]
[Source "ChessBase"]
[SourceDate "2000.11.22"]
[SourceVersion "1"]
[SourceVersionDate "2000.11.22"]
[SourceQuality "1"]

1. d4 d5 2. Bg5 c6 3. e3 Qb6 4. Qc1 Bf5 5. Nf3 h6 6. Bf4 Nd7 7. c4 e6 8. c5 Qd8 9. h4 g6 10. b4 a6 11. a4 Bg7 12. Nc3 f6 13. Be2 e5 14. Bg3 Ne7 15. Qd2 e4 16. Nh2 h5 17. Nf1 Be6 18. Ra2 Nf5 19. b5 axb5 20. axb5 Nxg3 21. Nxg3 f5 22. Rxa8 Qxa8 23. Qa2 0-0 24. Qxa8 Rxa8 25. Kd2 f4 26. bxc6 bxc6 27. Nf1 Ra3 28. Nb1 Ra2+ 29. Ke1 Ra1 30. Nfd2 Bh6 31. exf4 Bg7 32. Bd1 Bxd4 33. Nb3 Rxb1 34. Nxd4 Nxc5 35. Kd2 Bd7 36. Kc2 Rb4 37. Ne2 d4 38. Nc1 Bf5 39. Kd2 Rb2+ 40. Ke1 d3 0-1

[Event "Polanica Zdroj op"]
[Site "Polanica Zdroj"]
[Date "1996.??.??"]
[Round "7"]
[White "Mutchnik, Larisa"]
[Black "Slapikas, Vytautas"]
[Result "1/2-1/2"]
[WhiteElo "2215"]
[BlackElo "2345"]
[PlyCount "58"]
[EventDate "1996.??.??"]
[EventType "swiss"]
[EventRounds "10"]
[EventCountry "POL"]
[SourceTitle "EXT 1998"]
[Source "ChessBase"]
[SourceDate "1997.11.17"]
[SourceVersion "1"]
[SourceVersionDate "1997.11.17"]
[SourceQuality "1"]

1. d4 d6 2. c4 e5 3. dxe5 dxe5 4. Qxd8+ Kxd8 5. Nc3 c6 6. e4 Na6 7. Bg5+ f6 8. 0-0-0+ Kc7 9. Be3 Bc5 10. Bxc5 Nxc5 11. b4 Ne6 12. c5 a5 13. a3 axb4 14. axb4 Ra1+ 15. Kb2 Rxd1 16. Nxd1 Ne7 17. Bc4 Rd8 18. Ne2 Nf4 19. Nxf4 exf4 20. Kc3 Ng6 21. Nb2 Ne5 22. f3 Bd7 23. Nd3 Nxd3 24. Bxd3 Be6 25. Ra1 g5 26. h3 Re8 27. Bc2 Kd7 28. Ra7 Kc7 29. Ra1 Kd7 1/2-1/2

[Event "Nikolaev zt"]
[Site "Nikolaev"]
[Date "1995.??.??"]
[Round "1"]
[White "Fedorov, Alexei"]
[Black "Mutchnik, Larisa"]
[Result "1-0"]
[WhiteElo "2495"]
[BlackElo "2250"]
[PlyCount "73"]
[EventDate "1995.03.??"]
[EventType "swiss"]
[EventRounds "11"]
[EventCountry "UKR"]
[SourceTitle "CBM 047"]
[Source "ChessBase"]
[SourceDate "1995.08.01"]
[SourceVersion "1"]
[SourceVersionDate "1995.08.01"]
[SourceQuality "1"]

1. e4 e6 2. d4 d5 3. Nc3 Bb4 4. e5 c5 5. a3 Bxc3+ 6. bxc3 Qc7 7. Nf3 Ne7 8. h4 Nbc6 9. h5 h6 10. Be2 Bd7 11. 0-0 Na5 12. a4 Rc8 13. Re1 cxd4 14. Qxd4 Nf5 15. Qg4 Nc4 16. Bd3 Kf8 17. Rb1 b6 18. Qf4 Ne7 19. Nd4 Kg8 20. Nb5 Bxb5 21. axb5 Qd7 22. Ra1 Rc7 23. Ba3 Nxa3 24. Rxa3 Nc8 25. Re3 Qe7 26. Ra4 Kf8 27. c4 dxc4 28. Rxc4 Rc5 29. Rd4 f5 30. Bxf5 Qg5 31. Qxg5 hxg5 32. Rd8+ Ke7 33. Rxh8 exf5 34. Rh7 Kf8 35. h6 gxh6 36. Rd3 Kg8 37. Rb7 1-0

[Event "YUG-chT (Women)"]
[Site "Igalo"]
[Date "1994.??.??"]
[Round "7"]
[White "Jovanovic, Violeta"]
[Black "Mutchnik, Larisa"]
[Result "0-1"]
[WhiteElo "2075"]
[BlackElo "2225"]
[PlyCount "50"]
[EventDate "1994.??.??"]
[EventType "team"]
[EventRounds "9"]
[EventCountry "YUG"]
[SourceTitle "EXT 2002"]
[Source "ChessBase"]
[SourceDate "2001.11.25"]
[SourceVersion "1"]
[SourceVersionDate "2001.11.25"]
[SourceQuality "1"]

1. e4 e6 2. d4 d5 3. Nd2 Nf6 4. e5 Nfd7 5. f4 c5 6. c3 Nc6 7. Ndf3 cxd4 8. cxd4 Qb6 9. g3 Bb4+ 10. Kf2 g5 11. Be3 g4 12. Nd2 f6 13. Nb3 fxe5 14. dxe5 d4 15. Nxd4 Bc5 16. Nge2 Ndxe5 17. fxe5 0-0+ 18. Kg2 Nxe5 19. Qb3 Qd6 20. Rd1 b6 21. Kg1 Nf3+ 22. Nxf3 Qxd1 23. Qxd1 Bxe3+ 24. Kg2 Rxf3 25. Qe1 Bb7 0-1

[Event "Romania (Women)"]
[Site "Romania"]
[Date "1994.??.??"]
[Round "?"]
[White "Mutchnik, Larisa"]
[Black "Borsuk, Angela"]
[Result "1/2-1/2"]
[WhiteElo "2225"]
[BlackElo "2230"]
[PlyCount "20"]
[EventDate "1994.??.??"]
[EventType "tourn"]
[EventRounds "9"]
[EventCountry "ROU"]
[SourceTitle "EXT 1997"]
[Source "ChessBase"]
[SourceDate "1996.11.15"]
[SourceVersion "1"]
[SourceVersionDate "1996.11.15"]
[SourceQuality "1"]

1. d4 d6 2. c4 e5 3. dxe5 dxe5 4. Qxd8+ Kxd8 5. Nc3 c6 6. e4 Be6 7. f4 exf4 8. Bxf4 Nd7 9. Nf3 f6 10. 0-0-0 Ne7 1/2-1/2

[Event "YUG-chT (Women)"]
[Site "Igalo"]
[Date "1994.??.??"]
[Round "4"]
[White "Mutchnik, Larisa"]
[Black "Petronic, Sanja"]
[Result "1/2-1/2"]
[WhiteElo "2225"]
[BlackElo "2055"]
[PlyCount "133"]
[EventDate "1994.??.??"]
[EventType "team"]
[EventRounds "9"]
[EventCountry "YUG"]
[SourceTitle "EXT 2002"]
[Source "ChessBase"]
[SourceDate "2001.11.25"]
[SourceVersion "1"]
[SourceVersionDate "2001.11.25"]
[SourceQuality "1"]

1. d4 Nf6 2. c4 c5 3. d5 g6 4. Nc3 Bg7 5. e4 0-0 6. Nf3 d6 7. Be2 e6 8. 0-0 exd5 9. cxd5 Bg4 10. Nd2 Bxe2 11. Qxe2 a6 12. a4 Nbd7 13. a5 Re8 14. Nc4 Ne5 15. Nb6 Rb8 16. f4 Ned7 17. Nc4 Qe7 18. Re1 b5 19. axb6 Nxb6 20. Nxb6 Rxb6 21. e5 dxe5 22. Rxa6 Rxa6 23. Qxa6 Qd7 24. Qc6 Qxc6 25. dxc6 Rc8 26. Rd1 exf4 27. Bxf4 Nh5 28. Be3 Bf8 29. Na4 Rxc6 30. Rc1 c4 31. Nb6 Re6 32. Nxc4 f5 33. Bf2 Nf4 34. Rd1 Re2 35. Kf1 Rc2 36. b3 Rc3 37. Nd2 Nd3 38. Bd4 Rc2 39. Ke2 Nf4+ 40. Kf3 Ne6 41. Be3 Bb4 42. Nc4 Rc3 43. Ke2 Rxb3 44. Rd3 Rxd3 45. Kxd3 Kg7 46. Bc1 Nc5+ 47. Ke3 Bc3 48. Ba3 Ne6 49. Bd6 Kf6 50. Kd3 Bd4 51. h3 Bc5 52. Be5+ Kg5 53. Ke2 Kh4 54. Nd2 g5 55. Nf3+ Kh5 56. Nh2 Kg6 57. g4 Nf4+ 58. Bxf4 gxf4 59. Kf3 Kg5 60. gxf5 Kxf5 61. Nf1 Kg5 62. Ng3 Kh4 63. Ne2 Be3 64. Nxf4 Bxf4 65. Kg2 Bd6 66. Kh1 Bf4 67. Kg2 1/2-1/2

[Event "Romania (Women)"]
[Site "Romania"]
[Date "1994.??.??"]
[Round "?"]
[White "Mutchnik, Larisa"]
[Black "Zatonskih, Anna"]
[Result "0-1"]
[WhiteElo "2225"]
[BlackElo "2135"]
[PlyCount "98"]
[EventDate "1994.??.??"]
[EventType "tourn"]
[EventRounds "9"]
[EventCountry "ROU"]
[SourceTitle "EXT 1997"]
[Source "ChessBase"]
[SourceDate "1996.11.15"]
[SourceVersion "1"]
[SourceVersionDate "1996.11.15"]
[SourceQuality "1"]

1. d4 e6 2. c4 f5 3. g3 Nf6 4. Nc3 Bb4 5. Bg2 0-0 6. e3 Bxc3+ 7. bxc3 d6 8. Ba3 Na6 9. Ne2 Qe7 10. Qb3 c5 11. 0-0 e5 12. Bd5+ Kh8 13. h4 Rb8 14. Rad1 Bd7 15. Bg2 Rfc8 16. Rd2 Be6 17. d5 Bd7 18. Qc2 e4 19. Nf4 Ng4 20. Rb1 Ne5 21. Bf1 Nf3+ 22. Kg2 Nxd2 23. Qxd2 Qe5 24. Be2 Nc7 25. Bb2 Ne8 26. Rh1 Nf6 27. h5 Kg8 28. Ba1 Qe7 29. Qd1 Rf8 30. Qc1 b6 31. Qa3 Bc8 32. Qa4 Re8 33. Qd1 Nd7 34. Qf1 Ne5 35. Bb2 Rf8 36. Bc1 Bd7 37. Qd1 Qf6 38. Bd2 Rbe8 39. Qc1 Bc8 40. Qa3 Qe7 41. Rb1 g5 42. hxg6 hxg6 43. Rh1 Kg7 44. Qc1 Rh8 45. Rxh8 Rxh8 46. Nh3 Kg8 47. Ng1 Qh7 48. Kf1 Qh1 49. Qd1 Rh2 0-1

[Event "Simferopol/Alushta (Women)"]
[Site "Alushta"]
[Date "1992.??.??"]
[Round "?"]
[White "Borsuk, Angela"]
[Black "Mutchnik, Larisa"]
[Result "0-1"]
[WhiteElo "2195"]
[BlackElo "2195"]
[PlyCount "96"]
[EventDate "1992.??.??"]
[EventType "tourn"]
[EventRounds "13"]
[EventCountry "UKR"]
[SourceTitle "EXT 1997"]
[Source "ChessBase"]
[SourceDate "1996.11.15"]
[SourceVersion "1"]
[SourceVersionDate "1996.11.15"]
[SourceQuality "1"]

1. d4 d5 2. c4 e6 3. Nc3 c6 4. e3 Nf6 5. Nf3 Nbd7 6. Bd3 dxc4 7. Bxc4 b5 8. Bd3 Bb7 9. 0-0 a6 10. Qe2 c5 11. a3 c4 12. Bc2 Be7 13. e4 Nb6 14. h3 h6 15. Be3 0-0 16. Rad1 Qc7 17. Bb1 Rfd8 18. Ne5 Nbd7 19. f4 Nf8 20. g4 N6d7 21. Rf2 Nxe5 22. fxe5 Ng6 23. Rdf1 Rf8 24. Rf3 Rad8 25. Qh2 f6 26. exf6 Qxh2+ 27. Kxh2 Bxf6 28. Ne2 a5 29. R3f2 e5 30. d5 Be7 31. Bb6 Rxf2+ 32. Rxf2 Ra8 33. Nc3 b4 34. Nb5 Bd8 35. Bc5 Ba6 36. a4 Rc8 37. Be3 Bxb5 38. axb5 a4 39. Rc2 b3 40. Rc1 Ba5 41. b6 c3 42. Bd3 Rb8 43. d6 cxb2 44. Bc4+ Kh7 45. Rd1 Nf8 46. Bc5 Bxb6 47. Ba3 Bd4 48. Rb1 Rc8 0-1

[Event "Simferopol/Alushta (Women)"]
[Site "Alushta"]
[Date "1992.??.??"]
[Round "?"]
[White "Schleining, Zoya"]
[Black "Mutchnik, Larisa"]
[Result "1-0"]
[WhiteElo "2335"]
[BlackElo "2195"]
[PlyCount "97"]
[EventDate "1992.??.??"]
[EventType "tourn"]
[EventRounds "13"]
[EventCountry "UKR"]
[SourceTitle "EXT 1997"]
[Source "ChessBase"]
[SourceDate "1996.11.15"]
[SourceVersion "1"]
[SourceVersionDate "1996.11.15"]
[SourceQuality "1"]

1. d4 d5 2. c4 e6 3. Nc3 c6 4. e3 Nd7 5. Bd3 Qg5 6. Qf3 Ngf6 7. cxd5 exd5 8. h3 Be7 9. Nge2 Nf8 10. e4 dxe4 11. Bxe4 Qa5 12. Bxc6+ N8d7 13. Bxb7 Bxb7 14. Qxb7 0-0 15. 0-0 Rab8 16. Qf3 Nb6 17. Bf4 Rbc8 18. a3 Rfd8 19. Rad1 Nc4 20. Bc1 Qb6 21. Na4 Qa5 22. Nec3 Rd7 23. Rfe1 Bf8 24. Qe2 Qd8 25. Be3 g6 26. Nc5 Nxe3 27. Nxd7 Nxd1 28. Nxf6+ Qxf6 29. Rxd1 Rd8 30. Qe4 a5 31. a4 Bg7 32. Nb5 Qe6 33. Qxe6 fxe6 34. Kf1 Rd5 35. Ke2 e5 36. Nc3 Rxd4 37. Rxd4 exd4 38. Nd5 Kf7 39. Kd3 Ke6 40. Nb6 Bf8 41. Nc4 Bb4 42. Kxd4 Be1 43. f3 Kf5 44. Ke3 Kg5 45. f4+ Kh4 46. Kf3 Bb4 47. Ne5 Bc5 48. b3 Be7 49. Nc6 1-0

[Event "Czestochowa"]
[Site "Czestochowa"]
[Date "1991.??.??"]
[Round "?"]
[White "Kruszynski, Wlodzimierz"]
[Black "Mutchnik, Larisa"]
[Result "1-0"]
[WhiteElo "2345"]
[BlackElo "2220"]
[PlyCount "89"]
[EventDate "1991.??.??"]
[EventType "swiss"]
[EventRounds "9"]
[EventCountry "POL"]
[SourceTitle "EXT 2010"]
[Source "ChessBase"]
[SourceDate "2010.11.25"]
[SourceVersion "1"]
[SourceVersionDate "2010.11.25"]
[SourceQuality "1"]

1. e4 e6 2. d4 d5 3. Nd2 Nf6 4. e5 Nfd7 5. Bd3 c5 6. c3 Nc6 7. Ne2 cxd4 8. cxd4 f6 9. exf6 Nxf6 10. Nf3 Bd6 11. 0-0 Qc7 12. g3 0-0 13. Bf4 e5 14. dxe5 Nxe5 15. Nxe5 Bxe5 16. Rc1 Qd6 17. Bxe5 Qxe5 18. Qb3 Bh3 19. Rfe1 Rae8 20. Qc3 Bg4 21. Qxe5 Rxe5 22. Nd4 Nd7 23. Kg2 Rfe8 24. Rxe5 Nxe5 25. Re1 Bd7 26. Bf5 Nc6 27. Rxe8+ Bxe8 28. Nb5 Nb4 29. Nd6 Bc6 30. a3 d4+ 31. Kf1 Nd5 32. Bc8 b5 33. Ke2 b4 34. Be6+ Kf8 35. Bxd5 bxa3 36. bxa3 Bxd5 37. Kd3 Ke7 38. Nc8+ Kd7 39. Nxa7 Bg2 40. Kxd4 Bf1 41. a4 Ke6 42. Nb5 Kf5 43. f3 h5 44. Nc7 h4 45. a5 1-0